| 000 | 00704nam a2200229 i 4500 | ||
|---|---|---|---|
| 001 | bg | ||
| 100 | 1 |
_aOchendowski, Eugeniusz _d(1925-). |
|
| 245 | 1 | 0 |
_aPrawo administracyjne : _bczęść ogólna / _cEugeniusz Ochendowski. |
| 250 | _aWyd. 4. | ||
| 260 |
_aToruń : _bTowarzystwo Naukowe Organizacji i Kierownictwa "Dom Organizatora", _c2001. |
||
| 300 |
_a468, [9] s. ; _c24 cm. |
||
| 504 | _aBibliogr. Indeks. | ||
| 650 | 9 |
_aPrawo administracyjne _zPolska _ystan na 2001 r. |
|
| 655 | _aPodręczniki akademickie | ||
| 020 | _a837285631 | ||
| 040 | _cBPK | ||
| 041 | 0 | _apol | |
| 080 | _a342.9(438)(075.8) | ||
| 920 | _a83-7285-63-1 | ||
| 942 | _cKS | ||
| 008 | s pl f |000 0 pol | ||
| 999 |
_c53603 _d53603 |
||
| 856 |
_uhttp://koha.tu.koszalin.pl/cgi-bin/koha/opac-detail.pl?biblionumber=53603 _yKatalog online BPK |
||